Černý šíp /

Hlavní autor: Stevenson, Robert Louis, 1850-1894
Další autoři: Henzl, Vladimír, 1910-1978, Rimon, Jan, 1959-, Meduna, Jaromír, 1953-
Jazyk: Čeština
Vydáno: [Praha] : Tympanum, s.r.o., 2023
Edice: Dobrodruh
Témata:
Fyzický popis: 1 audiodisk (10 hod., 37 min.) ; 12 cm
Zvukové nahrávky
Uloženo v:
LEADER 02557nim a2200697 i 4500
001 001881798
003 CZ BrMZK
005 20260130143920.0
007 sd fungnnmmned
008 240108t20232023xr nnnnc fh n cze
015 |a cnb003562647 
024 3 |a 8595693408858 
040 |a BOA001  |b cze  |e rda 
041 1 |d cze  |h eng 
045 |a s5s8 
072 7 |a 821.111-3  |x Anglická próza, anglicky psaná  |2 Konspekt  |9 25 
072 7 |a 821-93  |x Literatura pro děti a mládež (beletrie)  |2 Konspekt  |9 26 
080 |a 821.111(410.5)-31  |2 MRF 
080 |a 94(410.1)"1455/1485"  |2 MRF 
080 |a (0:82-311.6)  |2 MRF 
080 |a (086.7.053.2)  |2 MRF 
080 |a (086.7)08  |2 MRF 
080 |a (086.76)  |2 MRF 
100 1 |a Stevenson, Robert Louis,  |d 1850-1894  |7 jn19990008249  |4 aut 
240 1 0 |a Black arrow.  |l Česky  |7 aun2008472543 
245 1 0 |a Černý šíp /  |c R.L. Stevenson ; z anglického originálu The Black arrow: a tale of the two roses přeložil Vladimír Henzl 
264 1 |a [Praha] :  |b Tympanum, s.r.o.,  |c 2023 
264 4 |c ℗2023 
300 |a 1 audiodisk (10 hod., 37 min.) ;  |c 12 cm 
306 |a 103700 
336 |a mluvené slovo  |b spw  |2 rdacontent 
337 |a audio  |b s  |2 rdamedia 
338 |a audiodisk  |b sd  |2 rdacarrier 
344 |a digital  |b optical  |2 rda 
347 |a audio soubor  |b MP3  |2 rda 
490 1 |a Dobrodruh ;  |v 25 
500 |a Název z disku 
500 |a Nezkrácená verze na 1 mp3 CD 
508 |a Režie Jan Rimon 
511 0 |a Čte Jaromír Meduna 
648 4 |a 1455-1485 
650 0 7 |a války růží (1455-1485 : Anglie)  |7 ph175768  |2 czenas 
650 0 9 |a Wars of the Roses (1455-1485 : England)  |2 eczenas 
655 7 |a skotské romány (anglicky)  |7 fd133439  |2 czenas 
655 7 |a historické romány  |7 fd132414  |2 czenas 
655 7 |a zvukové záznamy pro děti a mládež  |7 fd186726  |2 czenas 
655 7 |a audioknihy  |7 fd119452  |2 czenas 
655 7 |a kompaktní disky  |7 fd201991  |2 czenas 
655 9 |a Scottish fiction (English)  |2 eczenas 
655 9 |a historical novels  |2 eczenas 
655 9 |a juvenile sound recordings  |2 eczenas 
655 9 |a audiobooks  |2 eczenas 
655 9 |a compact discs  |2 eczenas 
700 1 |a Henzl, Vladimír,  |d 1910-1978  |7 jk01040751  |4 trl 
700 1 |a Rimon, Jan,  |d 1959-  |7 jo20251278183  |4 drt 
700 1 |a Meduna, Jaromír,  |d 1953-  |7 jx20031124122  |4 nrt 
830 0 |a Dobrodruh 
910 |a BOA001  |b CDR-1517.644 
990 |a AV 
991 |b 202402  |c NOV 
996 6 |b 2610958337  |c CDR-1517.644  |l MZK  |r Sklad / do 24 hodin  |n 0  |p p.v.  |w 001949306  |u 000010  |a 1  |e BOA001  |j MZK50  |s P